000 01178nas a2200337 4500
001 BR8001556
003 BR-BrBNA
005 20231205084236.0
007 ta
008 230509b bl.|||p| |||| 00| 00por d
040 _aBR-BrBNA
_bpor
_cBiblioteca Nacional de Agricultura
041 _a(Pt)
072 _aL30; L50
100 1 _aManzano, A.
100 1 _aNovaes, N.J.
100 1 _aHaddad, C.M.
100 1 _aHaddad, M. de L.
245 1 _aFeno de capim-de-rhodes (Chloris gayana Kunth)e capim elefante (Pennnisetum purpureum Schum)var. napier verde picado na alimentacao de equideos em crescimento
246 1 _a[Rhode grass hay (Chloris gayana Kuth)and green chopped elephant grass (Pennisetum purpureum Schum)in the feeding of growing mares]
650 _aNutricao animal
650 _aFisiologia animal
650 _aFeno
650 _aCapim elefante napier
650 _aEquino
650 _aCavalo
650 _aGanho de peso
650 _aCrescimento
773 0 _tRevista da Sociedade Brasileira de Zootecnia (Brazil)
_xISSN 0100-4859
_g(1979), v. 8(4) p. 642-653
_wBR8001556
909 _a202311
_bLúcia
_c55
_dLúcia Elande
942 _2AGRIS
_n0
_cANA
999 _c103976
_d103976